| 000 | 00366nam a22001577a 4500 | ||
|---|---|---|---|
| 003 | OSt | ||
| 008 | 240323b |||||||| |||| 00| 0 eng d | ||
| 020 | _a9788178221649 | ||
| 100 | _aVAS, LUIS.S.R | ||
| 245 | _aTHE HEALING BREATH | ||
| 250 | _a1st | ||
| 260 |
_aNew Delhi _bNew Age _c2018 |
||
| 300 | _a112 | ||
| 650 | _aGeneral/Decentralization | ||
| 942 |
_2ddc _cREF |
||
| 999 |
_c12269 _d12269 |
||